La divina comedia / (Record no. 188119)

MARC details
000 -LEADER
campo de control de longitud fija 00651nam a2200205 i 4500
001 - NÚMERO DE CONTROL
campo de control 188119
003 - IDENTIFICADOR DE NÚMERO DE CONTROL
campo de control SpMaBN
005 - FECHA Y HORA DE LA ÚLTIMA TRANSACCIÓN
campo de control 20240127063015.0
008 - DATOS DE LONGITUD FIJA--INFORMACIÓN GENERAL
campo de control de longitud fija 180504q1956 sp |||| | spa d
080 ## - NÚMERO DE LA CLASIFICACIÓN DECIMAL UNIVERSAL
Número de la Clasificación Decimal Universal 821.131.1-31"12"
100 0# - ENTRADA PRINCIPAL--NOMBRE DE PERSONA
Nombre de persona Dante Alighieri,
Fechas asociadas al nombre 1265-1321
9 (RLIN) 42657
245 13 - MENCIÓN DEL TÍTULO
Título La divina comedia /
Mención de responsabilidad, etc. Dante Alighieri ; versión de Ernesto Mur ; portada de Coll.
260 ## - PUBLICACIÓN, DISTRIBUCIÓN, ETC.
Lugar de publicación, distribución, etc. Barcelona :
Nombre del editor, distribuidor, etc. G.P.,
Fecha de publicación, distribución, etc. [1956?]
300 ## - DESCRIPCIÓN FÍSICA
Extensión 224 p. ;
Dimensiones 11 cm.
490 1# - MENCIÓN DE SERIE
Mención de serie Enciclopedia pulga ;
Designación de volumen o secuencia 230
700 1# - ENTRADA AGREGADA--NOMBRE PERSONAL
Nombre de persona Coll, Alejandro.
9 (RLIN) 39607
830 1# - PUNTO DE ACCESO ADICIONAL DE SERIE-TÍTULO UNIFORME
Título uniforme Enciclopedia pulga ;
Designación de volumen o secuencia 230
9 (RLIN) 191296
852 ## - LOCALIZACIÓN
Ubicación ES-MaACL
Número de control de estantería 2311-F-52
Holdings
Estatus retirado Estado de pérdida Estado de daño No para préstamo Colección Biblioteca de origen Biblioteca actual Ubicación en estantería Fecha de adquisición Fuente de adquisición Total de préstamos Signatura topográfica completa Código de barras Visto por última vez Precio de reemplazo Tipo de ítem Koha
        Colección de folletos Biblioteca del Ateneo de Madrid Biblioteca del Ateneo de Madrid Depósito folletos 04/05/2018     2311-F-52 1198819 23/02/2023 23/02/2023 Folleto